| 000 | 00865nam a22002417a 4500 | ||
|---|---|---|---|
| 005 | 20240327120033.0 | ||
| 008 | 210927b ||||| |||| 00| 0 eng d | ||
| 020 | _a9788174764034 | ||
| 040 |
_aAL _c |
||
| 041 | _aeng | ||
| 082 |
_223 _a330.954 _bJALI |
||
| 100 |
_aBimal Jalan _9157237 |
||
| 245 | _aIndias Economy in the new Millennium:selcted essays | ||
| 260 |
_aNew Delhi _bUBS Publishers distributors pvt Ltd |
||
| 300 |
_axxxi,239 p. _bHB _c21x14 cm |
||
| 365 |
_b₹395.00 _c₹ _d₹395.00 |
||
| 520 | _aEssays on micro, macro economics by a leading Indian economist. includes papers on globalization, exchance issues, and banking. Focus on India, but plenty of comparative analysis. balanced, readable account | ||
| 650 |
_aEconomy _9401 |
||
| 650 |
_aFinance _9402 |
||
| 650 |
_aBanking _9403 |
||
| 700 |
_aJALAN (Bimal) _9404 |
||
| 942 |
_2ddc _cGF |
||
| 999 |
_c216400 _d216400 |
||